000 01912cam a2200301 i 4500
001 17312286
003 EG-ScBUE
005 20241215100854.0
008 120521s2013 enka f b 001 0 eng d
020 _a9781107601796 (paperback)
040 _aDLC
_beng
_erda
_cDLC
_dDLC
_dEG-ScBUE
082 0 4 _a522.67
_222
_bAPP
100 1 _aAppenzeller, I.
_q(Immo),
_d1940-
_eauthor.
245 1 0 _aIntroduction to astronomical spectroscopy /
_cImmo Appenzeller, Center for Astronomy, University of Heidelberg.
264 1 _aCambridge ;
_aNew York :
_bCambridge University Press,
_c2013.
300 _axiii, 254 pages :
_billustrations ;
_c23 cm.
336 _2rdacontent
_atext
_btxt
337 _aunmediated
_2rdamedia
_bn
338 _avolume
_bnc
_2rdacarrier
490 0 _aCambridge observing handbooks for research astronomers ;
_v9
504 _aIncludes bibliographical references and index.
505 0 _aHistorical remarks -- Spectroscopy in present-day astronomy -- Basic physics of spectral measurements -- Optical-range grafting and prism spectrometers -- Other techniques for the optical spectral range -- Preparing and reducing optical observation -- UV, X-ray, and gamma spectroscopy -- Spectroscopy at radio wavelengths -- Special techniques of the FIR and submillimeter range -- New developments and future prospects.
520 _a"The book introduces graduate students and young researchers of astronomy and physics to the techniques and methods of astronomical spectroscopy. It covers spectroscopic methods in all branches of astronomy, including optical astronomy, radio astronomy, and astronomy at X-ray and gamma-ray wavelengths. The book will also be of interest for engineers and technicians who are designing or operating optical and space instrumentation"--
650 7 _aAstronomical spectroscopy.
_2BUEsh
653 _bENGGEN
_cMarch2015
655 _vReading book
_934232
942 _2ddc
_cBB
999 _c19078
_d19050